LEADER 01341nam0 22003373i 450 001 AQ10008347 005 20251003044041.0 010 $a0387583564$bNew York 010 $a3540583564$bBerlin 100 $a20090729d1994 ||||0itac50 ba 101 | $aeng 102 $ade 181 1$6z01$ai $bxxxe 182 1$6z01$an 200 1 $aTreewidth$ecomputations and approximations$fTon Kloks 210 $aBerlin [etc.]$cSpringer-Verlag$dc1994 215 $aIX, 209 p.$d24 cm 225 | $aLecture notes in computer science$fedited by G. Goos and J. Hartmanis$v842 300 $aBibliografia: P. [193]-206. 410 0$1001MIL0030703$12001 $aLecture notes in computer science$fedited by G. Goos and J. Hartmanis$v842$1702 1$aGoos$b, Gerhard$3AQ1V006441$4340 606 $aGrafi$2FIR$3CFIC012788$9E 676 $a511$9Principi generali della matematica$v14 676 $a511.5$9Principi generali della matematica.Teoria dei grafi$v22 700 1$aKloks$b, Ton$3AQ1V004527$4070$0714671 801 3$aIT$bIT-000000$c20090729 850 $aIT-BN0095 912 $aAQ10008347 950 0$aBiblioteca Centralizzata di Ateneo$c193 v.$d 01COLL. ING. LNCS$e 0102 0000022595 VMA (0842 v. 842$fY $h19960219$i19960219 977 $a 01 996 $aTreewidth$91382013 997 $aUNISANNIO